000 00981cam a2200217 4500
001 ABS63786
008 000000n2001 000 0 eng u
035 _a(Sirsi) u111371
245 _aEVA in bid to widen investor interest
260 _c2001
490 _aEuroProperty
_vMarch 2001, 72-73(2)
520 _aGoldman Sachs has recently widened its use of economic value added (EVA) as a tool for valuing quoted property companies. This is the first time this method, which focuses on the return on capital employed by property companies, has been used on a pan-European basis. Looks at the EVA valuation method, which plugs the gap between the use of net asset value (NAV) and other measures that are used to judge companies. Graph.
590 _aABS
650 _aGOLDMAN SACHS
650 _aECONOMIC VALUE ADDED
650 _aEUROPE
650 _aQUOTED COMPANIES
650 _aNET ASSET VALUE
690 _aPROPERTY-PROPERTY APPRAISAL AND VALUATION
942 _n0
999 _c66348
_d66348